مكتبة جامعة عجلون الوطنية

فهرس بحث المكتبة

Normal view MARC view
  • الشرك بالله- الكفر- التوحيد

Entry Topical Term

Number of records used in: 1

001 - CONTROL NUMBER

  • control field: 49007

003 - CONTROL NUMBER IDENTIFIER

  • control field: JO-AjAnu

005 - DATE AND TIME OF LATEST TRANSACTION

  • control field: 20230606082059.0

008 - FIXED-LENGTH DATA ELEMENTS

  • fixed length control field: 230606|| aca||aabn | a|a d

040 ## - CATALOGING SOURCE

  • Original cataloging agency: JO-AjAnu
  • Transcribing agency: JO-AjAnu

150 ## - HEADING--TOPICAL TERM

  • Topical term or geographic name entry element: الشرك بالله- الكفر- التوحيد

670 ## - SOURCE DATA FOUND

  • Source citation: Work cat.: (JO-AjAnu)25066: جمع واعداد القحطاني، مسند, author 49006, الشرك الأصغر والخفي أخوف ما خاف النبي صلى الله عليه وسلم (على أمته) : أحكامه- أمثلته- علاجه